| 000 | 00377nam a2200145Ia 4500 | ||
|---|---|---|---|
| 008 | 220217s9999||||xx |||||||||||||| ||und|| | ||
| 020 | _a9788131727201 | ||
| 082 | _a658 ROB | ||
| 100 | _aRobbins, Stephan P and others | ||
| 245 | 0 | _aManagement | |
| 250 | _a10th | ||
| 260 |
_aPearson education asia _bNew Delhi _c2012 |
||
| 300 |
_axv;544 _b575 |
||
| 650 | _aMANAGEMENT | ||
| 999 |
_c184118 _d184118 |
||